000 00968nam a22002417a 4500
999 _c2317
_d2317
003 AR-CdUCM
008 190304b ||||| |||| 00| 0 spa d
040 _aMUNICIPALIDAD PROVINCIAL DEL CUSCO
_cBIBLIOTECA MUNICIPAL DEL CUSCO
041 _hfre
082 _a928 /
_bZ74
100 _aZévaés, Alexandre
_98360
245 _aCientíficos Escritores y Artistas :
_bEmilio Zola /
260 _aMéxico D. F. :
_bGrijalbo,
_c1958.
300 _a298 páginas ;
_bilustraciones,
_c22 cm.
440 _aBiografías Gandesa.
_94521
505 _aContenido: La infancia -- Zola en busca de sí mismo -- Los Rougon-Macquart -- La batalla de Hernani del naturalismo: "La Taberna" -- De "La Taberna" a "comida corriente" -- "Las veladas de Médan" -- "Germinal" -- "La tierra" ...
650 _aFrancia
_91444
650 _aBiografía
_944066
650 _aNaturalismo
_9522
700 _aDélano, Luis Enrique (traducción)
_98361
942 _2ddc
_cLIBROS
945 _aachl